Nyugdijazás

Podrobná bibliografia
Médium: Článok
Jazyk:Hungarian
Témy:
Zdroj: 1. Zempléni Hirlap 1. Roč. 9, č. 14 (16.02.1901) s. 3
LEADER 00709nab#a2200277#ar4500
001 000060880
003 SVKKK
005 19951120xxxxxxx.
008 06 c xo huno
FMT
038 |a SVKKK 
040 |a SVKKK  |b slo  |e AACR2 
041 0 |a hun 
044 |a xo  |c SK 
080 |a 34 
242 1 0 |a Odchod do dôchodku 
245 0 0 |a Nyugdijazás 
650 0 4 |a súd okresný - Antalóczy, Anton (sudca okresný) - dôchodok - požiadanie - Vranov - február 1901 - správy 
773 0 |t Zempléni Hirlap  |g Roč. 9, č. 14 (16.02.1901) s. 3 
957 |a Nové Mesto pod Šiatrom 
958 |a DG 
958 |a SK 
974 |a KKá  |d 19951120 
992 |a RBX 
BAS
998 |a RETRO